The science of election campaigning : (Record no. 1736)

MARC details
000 -LEADER
fixed length control field 00856cam a2200277 a 4500
001 - CONTROL NUMBER
control field 2029973
003 - CONTROL NUMBER IDENTIFIER
control field OSt
005 - DATE AND TIME OF LATEST TRANSACTION
control field 20230620133745.0
008 - FIXED-LENGTH DATA ELEMENTS--GENERAL INFORMATION
fixed length control field 930401s1991 ke 000 0 eng d
010 ## - LIBRARY OF CONGRESS CONTROL NUMBER
LC control number 91982779
020 ## - INTERNATIONAL STANDARD BOOK NUMBER
International Standard Book Number 996688100X
035 ## - SYSTEM CONTROL NUMBER
System control number (OCoLC)25653307
040 ## - CATALOGING SOURCE
Original cataloging agency NN
Transcribing agency NN
Modifying agency IU
-- CU
-- DLC
042 ## - AUTHENTICATION CODE
Authentication code lccopycat
050 04 - LIBRARY OF CONGRESS CALL NUMBER
Classification number JF2112.C3
Item number G58 1991
082 04 - DEWEY DECIMAL CLASSIFICATION NUMBER
Classification number 324.7
Item number GIT
100 1# - MAIN ENTRY--PERSONAL NAME
Personal name Gitonga, A.
Fuller form of name (Afrifa)
245 14 - TITLE STATEMENT
Title The science of election campaigning :
Remainder of title how to win elections /
Statement of responsibility, etc. Afrifa K. Gitonga.
260 ## - PUBLICATION, DISTRIBUTION, ETC. (IMPRINT)
Place of publication, distribution, etc. Nairobi, Kenya :
Name of publisher, distributor, etc. Cosmopolitan Publishers,
Date of publication, distribution, etc. 1991.
300 ## - PHYSICAL DESCRIPTION
Extent xv, 263 p. ;
Dimensions 21 cm.
650 #0 - SUBJECT ADDED ENTRY--TOPICAL TERM
Topical term or geographic name as entry element Campaign management.
650 #0 - SUBJECT ADDED ENTRY--TOPICAL TERM
Topical term or geographic name as entry element Political campaigns.
906 ## - LOCAL DATA ELEMENT F, LDF (RLIN)
a 7
b cbc
c copycat
d 3
e ncip
f 19
g y-gencatlg
942 ## - ADDED ENTRY ELEMENTS (KOHA)
Source of classification or shelving scheme Dewey Decimal Classification
Koha item type Books
Holdings
Withdrawn status Lost status Source of classification or shelving scheme Damaged status Not for loan Home library Current library Date acquired Total Checkouts Full call number Barcode Date last seen Price effective from Koha item type
    Dewey Decimal Classification     County Hall Archives County Hall Archives 06/20/2023   324.7 GIT 10001181 06/20/2023 06/20/2023 Books
    Dewey Decimal Classification     County Hall Archives County Hall Archives 06/20/2023   324.7 GIT 10000766 06/20/2023 06/20/2023 Books
LIBRARY OPENING HOURS

When the Parliament is sitting: 8.00a.m - 7.00p.m or until the house adjourns
Mondays and Fridays and when the House is on Recess:  8.00a.m - 5.00p.m
Closed on Weekends and Public Holidays

Online Public Access Catalog (OPAC)
Website: http://www.parliament.go.ke
Bunge Library: https://libraryir.parliament.go.ke
Contact: library@parliament.go.ke | Tel no: (254-2)2221291 or 2848000 Ext 5043